|
|
|
|
| LEADER |
00000nam0a2200000 4500 |
| 001 |
336714 |
| 005 |
20231102004900.0 |
| 035 |
|
|
|a (RuTPU)RU\TPU\book\363166
|
| 035 |
|
|
|a RU\TPU\book\238862
|
| 090 |
|
|
|a 336714
|
| 100 |
|
|
|a 20171023d1979 k y0rusy50 ca
|
| 101 |
0 |
|
|a rus
|
| 102 |
|
|
|a RU
|
| 105 |
|
|
|a a z 001zy
|
| 200 |
1 |
|
|a Условия существования мезозойских морских бореальных фаун
|f Академия наук СССР (АН СССР), Сибирское отделение (СО), Институт геологии и геофизики (ИГиГ) ; отв. ред. В. Н. Сакс
|
| 210 |
|
|
|a Новосибирск
|c Наука
|d 1979
|
| 215 |
|
|
|a 152 с.
|c ил., карты
|
| 225 |
1 |
|
|a Труды Института геологии и геофизики
|v Вып. 411
|
| 320 |
|
|
|a Библиография в конце статей
|
| 606 |
1 |
|
|a Моллюски ископаемые
|2 stltpush
|3 (RuTPU)RU\TPU\subj\66870
|9 82879
|
| 610 |
1 |
|
|a фауна
|
| 610 |
1 |
|
|a мезозой
|
| 610 |
1 |
|
|a бореальная зона
|
| 610 |
1 |
|
|a морские моллюски
|
| 610 |
1 |
|
|a Северная Евразия
|
| 610 |
1 |
|
|a белемниты
|
| 610 |
1 |
|
|a иноцерамы
|
| 610 |
1 |
|
|a донные сообщества
|
| 610 |
1 |
|
|a биогеохимические исследования
|
| 610 |
1 |
|
|a моря
|
| 610 |
1 |
|
|a соленость
|
| 610 |
1 |
|
|a Север СССР
|
| 610 |
1 |
|
|a Сибирь
|
| 675 |
|
|
|a 564
|v 3
|
| 702 |
|
1 |
|a Сакс
|b В. Н.
|4 340
|
| 712 |
0 |
2 |
|a Академия наук СССР (АН СССР)
|b Сибирское отделение (СО)
|b Институт геологии и геофизики (ИГиГ)
|c (Новосибирск)
|2 stltpush
|3 (RuTPU)RU\TPU\col\128
|
| 801 |
|
1 |
|a RU
|b 63413507
|c 20120216
|
| 801 |
|
2 |
|a RU
|b 63413507
|c 20230215
|g RCR
|
| 942 |
|
|
|c BK
|